000 00303nam a2200133Ia 4500
100 _aWebster/John ed.
650 _aGeneral
942 _cRB
654 _adictionary
245 _aWebsters new dictionary and thesaurus
260 _bPromotional sales books
_c1995
300 _a789
546 _aENGLISH
999 _c22791
_d22791